000 00455nam a2200181Ia 4500
008 240925s9999 xx 000 0 und d
020 _aNA
082 _a346.7309154 CHE
100 _aCheema, Khalid Mehmood
245 0 _aBusiness Law
250 _aNA
260 _aLahore:
_bSyed Mobin Mahmud & Co.
_c,2018.
300 _a453p.
_b0
_fOriginal
500 _aIncludes Contents
600 _aSocial Sciences
650 _aSocial Sciences
942 _cBK
999 _c15681
_d15681